<?xml version="1.0" encoding="UTF-8"?>
<record
    xmlns:xsi="http://www.w3.org/2001/XMLSchema-instance"
    xsi:schemaLocation="http://www.loc.gov/MARC21/slim http://www.loc.gov/standards/marcxml/schema/MARC21slim.xsd"
    xmlns="http://www.loc.gov/MARC21/slim">

  <leader>003910000a22001570004500</leader>
  <controlfield tag="005">20170207111609.0</controlfield>
  <controlfield tag="008">170207b        xxu||||| |||| 00| 0 spa d</controlfield>
  <datafield tag="040" ind1=" " ind2=" ">
    <subfield code="a">CO-BoIAVH</subfield>
    <subfield code="c">CO-BoIAVH</subfield>
  </datafield>
  <datafield tag="041" ind1=" " ind2=" ">
    <subfield code="a">spa</subfield>
  </datafield>
  <datafield tag="090" ind1=" " ind2=" ">
    <subfield code="a">MM</subfield>
    <subfield code="b">00223</subfield>
  </datafield>
  <datafield tag="100" ind1="1" ind2=" ">
    <subfield code="a">Halffter, Gonzalo</subfield>
    <subfield code="9">10302</subfield>
  </datafield>
  <datafield tag="245" ind1="1" ind2="0">
    <subfield code="a">Charlas sobre biodiversidad</subfield>
  </datafield>
  <datafield tag="257" ind1=" " ind2=" ">
    <subfield code="a">Colombia</subfield>
  </datafield>
  <datafield tag="300" ind1=" " ind2=" ">
    <subfield code="a">CD-ROM</subfield>
    <subfield code="b">v. 1 al 10</subfield>
  </datafield>
  <datafield tag="942" ind1=" " ind2=" ">
    <subfield code="c">CD-ROM</subfield>
    <subfield code="2">z</subfield>
  </datafield>
  <datafield tag="999" ind1=" " ind2=" ">
    <subfield code="c">16601</subfield>
    <subfield code="d">16601</subfield>
  </datafield>
  <datafield tag="952" ind1=" " ind2=" ">
    <subfield code="0">0</subfield>
    <subfield code="1">0</subfield>
    <subfield code="2">z</subfield>
    <subfield code="3">1</subfield>
    <subfield code="4">0</subfield>
    <subfield code="7">0</subfield>
    <subfield code="8">MEDIOSM</subfield>
    <subfield code="a">Bogota</subfield>
    <subfield code="b">Bogota</subfield>
    <subfield code="d">2017-02-07</subfield>
    <subfield code="e">Alvarez, Mauricio</subfield>
    <subfield code="l">0</subfield>
    <subfield code="o">MM-00223</subfield>
    <subfield code="p">017671</subfield>
    <subfield code="r">2015-03-25 00:00:00</subfield>
    <subfield code="t">V. 1 Ej. 1</subfield>
    <subfield code="w">2015-03-25</subfield>
    <subfield code="y">CD-ROM</subfield>
  </datafield>
  <datafield tag="952" ind1=" " ind2=" ">
    <subfield code="0">0</subfield>
    <subfield code="1">0</subfield>
    <subfield code="2">z</subfield>
    <subfield code="3">2</subfield>
    <subfield code="4">0</subfield>
    <subfield code="7">0</subfield>
    <subfield code="8">MEDIOSM</subfield>
    <subfield code="a">Bogota</subfield>
    <subfield code="b">Bogota</subfield>
    <subfield code="d">2017-02-07</subfield>
    <subfield code="e">Alvarez, Mauricio</subfield>
    <subfield code="l">0</subfield>
    <subfield code="o">MM-00223</subfield>
    <subfield code="p">017672</subfield>
    <subfield code="r">2015-03-25 00:00:00</subfield>
    <subfield code="t">V. 2 Ej. 1</subfield>
    <subfield code="w">2015-03-25</subfield>
    <subfield code="y">CD-ROM</subfield>
  </datafield>
  <datafield tag="952" ind1=" " ind2=" ">
    <subfield code="0">0</subfield>
    <subfield code="1">0</subfield>
    <subfield code="2">z</subfield>
    <subfield code="3">3</subfield>
    <subfield code="4">0</subfield>
    <subfield code="7">0</subfield>
    <subfield code="8">MEDIOSM</subfield>
    <subfield code="a">Bogota</subfield>
    <subfield code="b">Bogota</subfield>
    <subfield code="d">2017-02-07</subfield>
    <subfield code="e">Alvarez, Mauricio</subfield>
    <subfield code="l">0</subfield>
    <subfield code="o">MM-00223</subfield>
    <subfield code="p">017673</subfield>
    <subfield code="r">2015-03-25 00:00:00</subfield>
    <subfield code="t">V. 3 Ej. 1</subfield>
    <subfield code="w">2015-03-25</subfield>
    <subfield code="y">CD-ROM</subfield>
  </datafield>
  <datafield tag="952" ind1=" " ind2=" ">
    <subfield code="0">0</subfield>
    <subfield code="1">0</subfield>
    <subfield code="2">z</subfield>
    <subfield code="3">4</subfield>
    <subfield code="4">0</subfield>
    <subfield code="7">0</subfield>
    <subfield code="8">MEDIOSM</subfield>
    <subfield code="a">Bogota</subfield>
    <subfield code="b">Bogota</subfield>
    <subfield code="d">2017-02-07</subfield>
    <subfield code="e">Alvarez, Mauricio</subfield>
    <subfield code="l">0</subfield>
    <subfield code="o">MM-00223</subfield>
    <subfield code="p">017674</subfield>
    <subfield code="r">2015-03-25 00:00:00</subfield>
    <subfield code="t">V. 4 Ej. 1</subfield>
    <subfield code="w">2015-03-25</subfield>
    <subfield code="y">CD-ROM</subfield>
  </datafield>
  <datafield tag="952" ind1=" " ind2=" ">
    <subfield code="0">0</subfield>
    <subfield code="1">0</subfield>
    <subfield code="2">z</subfield>
    <subfield code="3">5</subfield>
    <subfield code="4">0</subfield>
    <subfield code="7">0</subfield>
    <subfield code="8">MEDIOSM</subfield>
    <subfield code="a">Bogota</subfield>
    <subfield code="b">Bogota</subfield>
    <subfield code="d">2017-02-07</subfield>
    <subfield code="e">Alvarez, Mauricio</subfield>
    <subfield code="l">0</subfield>
    <subfield code="o">MM-00223</subfield>
    <subfield code="p">017675</subfield>
    <subfield code="r">2015-03-25 00:00:00</subfield>
    <subfield code="t">V. 5 Ej. 1</subfield>
    <subfield code="w">2015-03-25</subfield>
    <subfield code="y">CD-ROM</subfield>
  </datafield>
  <datafield tag="952" ind1=" " ind2=" ">
    <subfield code="0">0</subfield>
    <subfield code="1">0</subfield>
    <subfield code="2">z</subfield>
    <subfield code="3">6</subfield>
    <subfield code="4">0</subfield>
    <subfield code="7">0</subfield>
    <subfield code="8">MEDIOSM</subfield>
    <subfield code="a">Bogota</subfield>
    <subfield code="b">Bogota</subfield>
    <subfield code="d">2017-02-07</subfield>
    <subfield code="e">Alvarez, Mauricio</subfield>
    <subfield code="l">0</subfield>
    <subfield code="o">MM-00223</subfield>
    <subfield code="p">017676</subfield>
    <subfield code="r">2015-03-25 00:00:00</subfield>
    <subfield code="t">V. 6 Ej. 1</subfield>
    <subfield code="w">2015-03-25</subfield>
    <subfield code="y">CD-ROM</subfield>
  </datafield>
  <datafield tag="952" ind1=" " ind2=" ">
    <subfield code="0">0</subfield>
    <subfield code="1">0</subfield>
    <subfield code="2">z</subfield>
    <subfield code="3">7</subfield>
    <subfield code="4">0</subfield>
    <subfield code="7">0</subfield>
    <subfield code="8">MEDIOSM</subfield>
    <subfield code="a">Bogota</subfield>
    <subfield code="b">Bogota</subfield>
    <subfield code="d">2017-02-07</subfield>
    <subfield code="e">Alvarez, Mauricio</subfield>
    <subfield code="l">0</subfield>
    <subfield code="o">MM-00223</subfield>
    <subfield code="p">017678</subfield>
    <subfield code="r">2015-03-25 00:00:00</subfield>
    <subfield code="t">V .7 Ej. 1</subfield>
    <subfield code="w">2015-03-25</subfield>
    <subfield code="y">CD-ROM</subfield>
  </datafield>
  <datafield tag="952" ind1=" " ind2=" ">
    <subfield code="0">0</subfield>
    <subfield code="1">0</subfield>
    <subfield code="2">z</subfield>
    <subfield code="3">8</subfield>
    <subfield code="4">0</subfield>
    <subfield code="7">0</subfield>
    <subfield code="8">MEDIOSM</subfield>
    <subfield code="a">Bogota</subfield>
    <subfield code="b">Bogota</subfield>
    <subfield code="d">2017-02-07</subfield>
    <subfield code="e">Alvarez, Mauricio</subfield>
    <subfield code="l">0</subfield>
    <subfield code="o">MM-00223</subfield>
    <subfield code="p">017677</subfield>
    <subfield code="r">2015-03-25 00:00:00</subfield>
    <subfield code="t">V. 8 Ej. 1</subfield>
    <subfield code="w">2015-03-25</subfield>
    <subfield code="y">CD-ROM</subfield>
  </datafield>
  <datafield tag="952" ind1=" " ind2=" ">
    <subfield code="0">0</subfield>
    <subfield code="1">0</subfield>
    <subfield code="2">z</subfield>
    <subfield code="3">9</subfield>
    <subfield code="4">0</subfield>
    <subfield code="7">0</subfield>
    <subfield code="8">MEDIOSM</subfield>
    <subfield code="a">Bogota</subfield>
    <subfield code="b">Bogota</subfield>
    <subfield code="d">2017-02-07</subfield>
    <subfield code="e">Alvarez, Mauricio</subfield>
    <subfield code="l">0</subfield>
    <subfield code="o">MM-00223</subfield>
    <subfield code="p">017679</subfield>
    <subfield code="r">2015-03-25 00:00:00</subfield>
    <subfield code="t">V. 9 Ej. 1</subfield>
    <subfield code="w">2015-03-25</subfield>
    <subfield code="y">CD-ROM</subfield>
  </datafield>
  <datafield tag="952" ind1=" " ind2=" ">
    <subfield code="0">0</subfield>
    <subfield code="1">0</subfield>
    <subfield code="2">z</subfield>
    <subfield code="3">10</subfield>
    <subfield code="4">0</subfield>
    <subfield code="7">0</subfield>
    <subfield code="8">MEDIOSM</subfield>
    <subfield code="a">Bogota</subfield>
    <subfield code="b">Bogota</subfield>
    <subfield code="d">2017-02-07</subfield>
    <subfield code="e">Alvarez, Mauricio</subfield>
    <subfield code="l">0</subfield>
    <subfield code="o">MM-00223</subfield>
    <subfield code="p">017680</subfield>
    <subfield code="r">2015-03-25 00:00:00</subfield>
    <subfield code="t">V. 10 Ej. 1</subfield>
    <subfield code="w">2015-03-25</subfield>
    <subfield code="y">CD-ROM</subfield>
  </datafield>
</record>
